000 01314nam a2200373 i 4500
001 181848
003 ES-MaACL
005 20250604062635.0
008 130430s2011 sp a | |||||||| |dspa d
020 _a978-84-8383-313-1
080 _a94(460)"18/19"
080 _a929.52 Pino
080 _a929.52 Ynsa
080 _a929.52 Bilbao
100 1 _aJuaristi, Jon,
_d1951-
_967169
245 1 0 _aA cambio del olvido :
_buna indagación republicana (1872-1942) /
_cJoan Juaristi y Marina Pino.
250 _a1ª ed.
260 _aBarcelona :
_bTusquets,
_c2011.
300 _a499 p. :
_bil. ;
_c23 cm.
490 1 _aTiempo de memoria ;
_v86
504 _aBibliografía: p. 481-486.
586 _aXXIII Premio Comillas de Historia
600 3 4 _aPino (Familia)-
_vHistoria.
_9172464
600 3 4 _aYnsa (Familia)-
_vHistoria.
_9152648
600 3 4 _aBilbao (Familia)-
_vHistoria.
_9152649
651 4 _aEspaña-
_xHistoria-
_y1874-1902, Restauración.
_98267
651 4 _aEspaña-
_xHistoria-
_y1902-1931, Alfonso XIII
_98276
651 4 _aEspaña-
_xHistoria-
_y1931-1939, II República.
_98283
700 1 _aPino, Marina.
_992172
830 1 _aTiempo de memoria ;
_v86
_9180241
852 _aES-MaACL
_jA-12671
_9188756
_bR.148767
_cDEPO1
_dOlim: N-5672
942 _2udc
_cMONOGRAFIA
999 _c181848
_d181848